แสดงรายละเอียดบรรณานุกรม
  กลับหน้าหลัก

Brief Record : Get Marc (ISO 2709) : E-mail record : QR code ปิดหน้าต่าง
E-books : เกี่ยวกับ Collections
LEADER 00000nam 2200000uu 4500
008    120606s2553||||th 000 0 tha d
024    ^a9786169036760
090    ^aนว^bว617พ 2553
100 0  ^aวินทร์ เลียววาริณ
245 10 ^aพุ่มรัก พานสิงห์ :^bคดีเจ็ดแพะ /^cวินทร์ เลียววาริณ
250    ^aพิมพ์รวมเล่มครั้งแรก
260    ^aกรุงเทพฯ :^bบริษัท 113,^c2553
300    ^a288 หน้า
440  0 ^aนิยายนักสืบพุ่มรักพานสิงห์ ;^vชุด 4
440  0 ^aเสี่ยวนักสืบ ;^v4
650  0 ^aนวนิยายรหัสคดีพุ่มรักพานสิงห์.
650  0 ^aคดีเจ็ดแพะ.
999    ^aใช้งานได้ทุกระบบ
รายการนี้ยังไม่มีแท็ก
คุณยังไม่ได้ล็อกอิน คุณสามารถมีกิจกรรมร่วมกับเว็บไซต์ได้ แต่ต้องล็อกอินก่อน ::
  ล็อกอิน
ลำดับที่ ประเภท เลขเรียก สถานที่ สถานะ
1. นวนิยาย
นวนิยาย
นว ว617พ 2553  
  
หนังสือทั่วไป On Shelf
  ขอยืม
   [แสดง 1/1 รายการ]

รายการใกล้เคียง
    ผู้แต่ง [วินทร์ เลียววาริณ]

BibComment


ยังไม่เคยถูกคอมเมนท์

คอมเมนท์ทรัพยากรรายการนี้
  คอมเมนท์: พุ่มรัก พานสิงห์..
Bib 207387

 
 
 

 Union Library Management : ULibM
Copyright 2026. All Rights Reserved.
скачать бесплатно без регистрации порно красивый секс HD Sex Hindi sex

xxx gou

xxxx

bfxxx

xxxwww

Секса Видео

xxxx

Секса Видео

detube

geilexxx

C99 Shell

worms shell

blod xxx video
Ebony Coed Rihanna Rimes Takes A Dick In Her Young Twat priyaa indian fuck anal and pusssy hardcore indian women xxx desi hardcore fucking part 1 bengalixxxcouple